| 000 | 004510000a22001690004500 | ||
|---|---|---|---|
| 041 | 0 | _aSPA | |
| 082 | 0 | 4 | _aG 280.092 P4361s |
| 100 | 1 | _aPereira Alves, A. | |
| 245 | 1 | 0 | _aSemblanzas evangélicas / A. Pereira Alves |
| 260 | _aEl Paso, TX., USA : Casa Bautista de Publicaciones | ||
| 300 | _a133 Pag | ||
| 001 | 8605 | ||
| 942 | _cBK | ||
| 999 |
_c38739 _d38739 |
||
| 336 |
_atexto _btxt _2rdacontent |
||
| 337 |
_2rdamedia _asin mediación _bn |
||
| 338 |
_2rdacarrier _avolumen _bnc |
||